000 00702nam a22002177a 4500
999 _c16217
_d16217
003 AR-CdUCM
008 190307b ||||| |||| 00| 0 spa d
040 _aMUNICIPALIDAD PROVINCIAL DEL CUSCO
_cBIBLIOTECA MUNICIPAL DEL CUSCO
082 _a848.35 /
_bR28
100 _aRabelais, François
_911943
245 _aGargantúa y Pantagruel /
260 _aBuenos Aires :
_bEdit. Sopena,
_c1943.
300 _a187 paginas ;
_c23 cm.
505 _aContenido :Novela francesa /
650 _aNovelas francesas
_9571
650 _aHumorismo francés
_911944
650 _aSiglo XVI.
_9326
700 _aUgarte y Pagés, Francisco (traducción)
_935527
942 _2ddc
_cLIBROS
945 _adavv
_d02/05/2019